| 000 | 01354cam a2200313 i 4500 | ||
|---|---|---|---|
| 001 | 768714001 | ||
| 003 | CO-MdFUSB | ||
| 005 | 20240618062714.0 | ||
| 007 | ta | ||
| 008 | 160825t2012 ag ||||||||||||| 0 spa d | ||
| 020 | _a9789871355464 | ||
| 040 |
_cCO-MdFUSB _bspa. _aCO-MdFUSB _dCO-MdFUSBC _erda |
||
| 041 | _aspa | ||
| 082 | 0 | 4 |
_a260 _223 _bP1237n |
| 100 | 1 |
_aPadilla, C. René _eautor |
|
| 245 |
_aMisión integral _b: ensayos sobre el reino de Dios y la iglesia _c/ C. René Padilla |
||
| 250 | 0 | _asegunda edición | |
| 264 | 1 |
_aBuenos Aires, Argentina : _bKairós _c[2012] |
|
| 264 | 4 | _c© 2012 | |
| 300 |
_a299 páginas _c; 20 cm |
||
| 336 |
_atexto _btxt _2rdacontent |
||
| 337 |
_2rdamedia _asin mediación _bn |
||
| 338 |
_2rdacarrier _avolumen _bnc |
||
| 505 | _aDe Lausana 1 a Lausana 3: la fraternidad teológica Latinoamericana y la misión integral -- El evangelio y evangelización -- Conflicto espiritual -- ¿Qué es el evangelio? La contextualización del evangelio -- Cristo y Anticristo en la proclamación del evangelio -- Misión integral -- la unidad de la iglesia y el principio de las unidades homogéneas -- perspectivas neotestamentarias para un estilo de vida sencillo -- la misión de la iglesia a la luz del reino de Dios. | ||
| 563 | _aRústico | ||
| 650 | 0 |
_aMisiones _9154 |
|
| 942 | _cBK | ||
| 945 | _aJTF-925 | ||
| 999 |
_c44758 _d44758 |
||